|
|
|
|
| LEADER |
00668nam a22002177a 4500 |
| 003 |
OSt |
| 999 |
|
|
|c 194391
|d 194391
|
| 020 |
|
|
|a 9780367413071
|
| 082 |
|
|
|a 630.2
|b RAM/MI
|
| 245 |
|
|
|a Microbial biotechnology in horticulture V.2
|
| 260 |
|
|
|a Enfield
|b Science Publishers
|c 2020
|
| 300 |
|
|
|a xiii, 352p.
|
| 534 |
|
|
|n 2008
|
| 546 |
|
|
|a English
|
| 650 |
|
|
|a Plant genetics engineering
|
| 650 |
|
|
|a Baculoviruses
|
| 650 |
|
|
|a Agrobacterium
|
| 700 |
|
|
|a Ramesh C Ray, Ed.
|
| 700 |
|
|
|a Ward, P Owen, Ed.
|
| 942 |
|
|
|2 ddc
|c BK
|
| 952 |
|
|
|0 0
|1 0
|2 ddc
|4 0
|6 630_200000000000000_RAM_MI
|7 0
|8 Gen
|9 201225
|a KAUCLV
|b KAUCLV
|c GENERAL
|d 2020-05-11
|g 3795.00
|o 630.2 RAM/MI
|p 230313
|r 2020-05-11
|y BK
|